000 00489nam a22001697a 4500
003 OSt
005 20260504020644.0
008 260504b |||||||| |||| 00| 0 eng d
040 _aDWCL-Main lib
_cOC
082 _aCirc. 301.4 196 C.1
100 _aHanna, Lavone A.
245 _aFacing life's problems /
_cLavone A. Hanna
260 _aNew York :
_bRand Mcnally & company,
_cc1957.
300 _avii, 408 p. ;
_c26 cm.
504 _a1. Include Index.
942 _2ddc
_cBK-CIRC
_mCirc.
_n0
999 _c10190
_d10190